MARC

LEADER 00000nam0a2200000 4500
001 10463
005 20231101204721.0
010 |a 5701402096 
035 |a (RuTPU)RU\TPU\book\10524 
035 |a BOOK00010590 
090 |a 10463 
100 |a 20011209d1999 m y0rusy50 ca 
101 0 |a rus 
102 |a RU 
105 |a y z 000zy 
200 1 |a Фондовый рынок Сибири  |e Возможности в привлечении инвестиций  |f А. В. Новиков, И. Я. Новикова  |g Новосибирская государственная академия экономики и управления 
210 |a Новосибирск  |c Изд-во НГАЭиУ  |d 1999 
215 |a 96 с. 
610 1 |a финансы 
610 1 |a фондовые рынки 
610 1 |a инвестиции 
610 1 |a Сибирь 
686 |a У9(2)262.29  |v LBC/SL-A  |2 rubbk 
686 |a У9(2Р5)  |v LBC/SL-A  |2 rubbk 
700 1 |a Новиков  |b А. В.  |g Александр Владимирович 
701 1 |a Новикова  |b И. Я.  |g Ирина Яковлевна 
712 0 2 |a Новосибирская государственная академия экономики и управления  |2 stltpush  |3 (RuTPU)RU\TPU\col\50  |9 23155 
801 0 |a RU  |b 63413507  |c 20011209  |g PSBO 
801 2 |a RU  |b 63413507  |c 20210525  |g PSBO 
942 |c BK